| 000 | 00588nam a2200181Ia 4500 | ||
|---|---|---|---|
| 008 | 100921s9999 xx 000 0 und d | ||
| 082 |
_b32373 _a891.463 न 00 |
||
| 100 | _aरामपल्ले टि.के. | ||
| 245 | _aआघात. | ||
| 260 |
_bगौरी प्रकाशन,पुणे. _c2000 |
||
| 300 |
_a160 _bशांती पब्लिकेशन,पुणे |
||
| 365 | _b110 | ||
| 520 | _aललित-कादंबरी. | ||
| 630 | _aआघात. | ||
| 650 | _aललित-कादंबरी. | ||
| 730 | _aआघात. | ||
| 942 | _cBOOK | ||
| 999 |
_c781486 _d781483 |
||